Statistiques concernant Paris - Culture générale

Cliquez ici pour prendre le quiz!

Statistiques générales

  • Ce quiz a été pris 548 fois
  • Le résultat moyen est 19 sur 25

Statistiques - réponses

InformationRéponse% Correct
Fleuve traversant la villeSeine
100%
Sport qui se joue à "Roland Garros"Tennis
96%
Forteresse prise d'assaut un 14 juilletBastille
95%
Nombre d'arrondissments20
94%
Événement mondial qui se déroulera à Paris en 2024Jeux Olympiques
92%
Roi qui déplaça la cour de Paris à VersaillesLouis XIV
90%
Rue la plus chère au Monopoly françaisRue de la {Paix}
89%
Princesse anglaise décédée dramatiquement en 1997Lady Diana
87%
Couleur de ligne numéro 1Jaune
84%
Maire actuelle de la villeAnne Hidalgo
84%
Auteur de Notre-Dame de Paris (1831)Victor Hugo
83%
Palais qui était le siège des rois du XIVe au XVIIe siècle, aujourd'hui muséeLouvre
83%
Nom romain de ParisLutèce
83%
Plus grand espace vert de ParisBois de {Vincennes}
80%
Quartier où se situe la Basilique du Sacré-CœurMontmartre
80%
Créature en pierre guettant depuis Notre-DameGargouille
79%
Chanteuse de Belleville surnommée "la Môme de Paris"Edith Piaf
79%
Île depuis laquelle la ville de Paris s'est développéeÎle de la {Cité}
75%
Grand réformateur de l'urbanisme parisienBaron Haussmann
72%
Film avec Audrey Tautou contant une vie parisienne idéalisée (2001)Le Fabuleux Destin d'Amélie Poulain
66%
Devise de la ville de ParisFluctuat nec {mergitur}
59%
Hôtel de luxe, 15 place VendômeRitz Paris
50%
La "seule ville qui est digne de Paris"Rome
49%
Chancelier prussien dit "de fer" qui assaillit la ville en 1870Otto von Bismarck
37%
Expression de Henri IV pour l'accession au trôneParis vaut bien une {messe}
35%

Distribution des résultats

Percentile par nombre de réponses

% des personnes avec chaque résultat

Votre développement - résultats

Vous n’avez pas pris ce quiz